01011cam a22002777a 4500001001000000003000500010005001700015008004100032010001000073011001000083035001100093040000900104100003400113245016400147260004100311300004000352502009400392650003300486650002800519650002500547650003400572650001700606650002800623856006600651856001600717000092258CHAP20220329142842.0040825d2003 mx r 00110 spa d a88725 a89697 a100248 cCHAP00aCarrasco Hernández, Jazmin.10aLa participación grupal en la Secundaria Felipe Villanueva Gutiérrez en Santa Catarina del Monte, Texcoco, Edo. Méx. /c/por Jazmin Carrasco Hernández. aChapingo, Méx. :bEl autor,c2003. a117 h. :bilus.; gráfs.; cuadros. aTesis (Ing. Agr. Esp. en Sociología Rural) -- UACH. Departamento de Sociología Rural.14aEducación ruralxMéxico.14aEducación secundaria.14aEducaciónxCostos.14aEducaciónxInvestigación.14aEstudiantes.14aSociología educativa. 3Finding aiduhttp://10.13.5.2/tesis/100248.pdfzTeclea aquí a1 n0001305